[Event "GER-chT U16 Girls"]
[Site "Magdeburg"]
[Date "2023.12.30"]
[Round "7.9"]
[White "Shrikrishna, Aradhana"]
[Black "Achilles, Rosa"]
[Result "0-1"]
[WhiteElo "742"]
[BlackElo "1190"]
[PlyCount "42"]
[EventDate "2023.12.26"]
[EventType "team-swiss"]
[EventRounds "7"]
[EventCountry "GER"]
[SourceTitle "CB03_2024"]
[SourceDate "2024.01.17"]
[SourceVersion "1"]
[SourceVersionDate "2024.01.17"]
[SourceQuality "1"]
[WhiteTeam "Freiburg Zaehringen"]
[BlackTeam "Paderborn Akademie"]
[WhiteTeamCountry "GER"]
[BlackTeamCountry "GER"]

1. e4 e6 2. Nc3 d5 3. f3 c5 4. Na4 a6 5. Qe2 Nf6 6. b3 Nc6 7. Ba3 Nd4 8. Qd1 Nd7 9. exd5 exd5 10. c3 Ne6 11. Qe2 b5 12. Nb2 b4 13. cxb4 cxb4 14. Bxb4 Bxb4 15. a3 Bc5 16. Rd1 0-0 17. Qd3 Re8 18. Qf5 Nd4+ 19. Be2 Nxf5 20. Kf1 Qe7 21. Nh3 Qxe2# 0-1

[Event "GER-chT U12 Girls"]
[Site "Berlin"]
[Date "2022.12.29"]
[Round "7.1"]
[White "Anaparthi, Anika"]
[Black "Achilles, Rosa"]
[Result "0-1"]
[WhiteElo "833"]
[BlackElo "996"]
[PlyCount "63"]
[EventDate "2022.12.26"]
[EventType "team-swiss"]
[EventRounds "7"]
[EventCountry "GER"]
[SourceTitle "EXT 2024"]
[Source "ChessBase"]
[SourceDate "2023.10.10"]
[SourceVersion "1"]
[SourceVersionDate "2023.10.10"]
[SourceQuality "1"]
[WhiteTeam "Garching"]
[BlackTeam "Paderborn Akademie"]
[WhiteTeamCountry "GER"]
[BlackTeamCountry "GER"]

1. e4 e6 2. Nf3 d5 3. exd5 exd5 4. Nc3 c6 5. d3 Bd6 6. Be2 Nf6 7. 0-0 0-0 8. Bg5 Nbd7 9. h3 h6 10. Bd2 Qb6 11. Na4 Qc7 12. c4 Re8 13. Rc1 Nc5 14. Nxc5 Bxc5 15. cxd5 Qd6 16. dxc6 bxc6 17. d4 Bxd4 18. Nxd4 Qxd4 19. Bf3 Bd7 20. Bxc6 Bxc6 21. Rxc6 Qxb2 22. Ra6 Rad8 23. Bc1 Qb5 24. Qa4 Qxa4 25. Rxa4 g5 26. h4 Nh7 27. Rg4 Rd5 28. f4 f6 29. fxg5 fxg5 30. hxg5 hxg5 31. Bb2 Rd7 32. Rb4 0-1